MARC

LEADER 00000nas a2200000 a 4500
001 ssj0000393784
003 WaSeSS
005 20200512172242.0
006 m d
007 cr n
008 920318u1986uuuusp ar s 0 a0spa c
010 |a sn 95020151  
016 7 |a 012414397  |2 Uk 
035 |a (WaSeSS)ssj0000393784 
040 |a KUK  |b eng  |c KUK  |d DLC  |d OCLCQ  |d UKMGB  |d OCLCQ  |d OCLCF  |d OCLCO  |d OCLCQ  |d WaSeSS 
041 0 |a spa  |b eng  |b fre  |b ger 
042 |a pcc 
050 4 |a PA9  |b .M80 
245 0 0 |a Myrtia  |h [electronic resource]. 
260 |a Murcia [Spain] :  |b Facultad de Letras, Universidad de Murcia,  |c [1987- 
310 |a Annual 
362 0 |a Vol. 1 (1986)- 
500 |a "Revista de Filologia cla'sica." 
506 |a License restrictions may limit access. 
546 |a In Spanish; summaries in English, French, or German. 
650 0 |a Classical philology  |v Periodicals. 
650 7 |a Classical philology.  |2 fast  |0 (OCoLC)fst00863532 
655 0 |a Electronic journals. 
710 2 |a Universidad de Murcia.  |b Facultad de Filosofía y Letras. 
850 |a NIC 
856 4 0 |z Full text available from Research Library: 01/01/2014 to present  |u https://search.proquest.com/publication/2035766 
856 4 0 |z Full text available from PRISMA Database with HAPI Index: 01/01/2014 to 01/31/2015  |u https://search.proquest.com/publication/2040127